Živé barometre /

Hlavní autor: Zajančkovskij, Ivan Filippovič, 1917-2010
Další autoři: Leskovská, Valéria, Ličková, Marta, 1926-2020
Jazyk: Slovenština
Vydáno: Bratislava : Príroda, 1990
Vydání: Prvé vydanie
Edice: Ochrana prírody
Témata:
Fyzický popis: 206 stran ; 20 cm
Knihy
Uloženo v:
LEADER 01831nam a2200517 i 4500
001 001556283
003 CZ BrMZK
005 20170206115800.0
007 ta
008 161208s1990 xo e f 000 0 slo
020 |a 80-07-00229-4  |q (brožováno) :  |c Kčs 15,00 
040 |a BOA001  |b cze  |e rda 
041 1 |a slo  |h rus 
072 7 |a 551  |x Geologie. Meteorologie. Klimatologie  |2 Konspekt  |9 7 
080 |a 551.515  |2 MRF 
080 |a 551.509  |2 MRF 
080 |a 551.583  |2 MRF 
080 |a 591.54  |2 MRF 
080 |a 581.54  |2 MRF 
080 |a 574.4/.5  |2 MRF 
080 |a 57.081.1  |2 MRF 
080 |a (0.062)  |2 MRF 
100 1 |a Zajančkovskij, Ivan Filippovič,  |d 1917-2010  |7 mzk2017941129  |4 aut 
240 1 0 |a Živyje barometry.  |l Slovensky 
245 1 0 |a Živé barometre /  |c I.F. Zajančkovskij ; z ruského originálu Živyje barometry ... preložili Valéria Leskovská a Marta Ličková 
250 |a Prvé vydanie 
264 1 |a Bratislava :  |b Príroda,  |c 1990 
300 |a 206 stran ;  |c 20 cm 
336 |a text  |b txt  |2 rdacontent 
337 |a bez média  |b n  |2 rdamedia 
338 |a svazek  |b nc  |2 rdacarrier 
490 1 |a Ochrana prírody 
650 0 7 |a počasí  |7 ph124495  |2 czenas 
650 0 7 |a předpověď počasí  |7 ph135000  |2 czenas 
650 0 7 |a klimatické změny  |7 ph134843  |2 czenas 
650 0 7 |a klimatické podmínky  |7 ph189269  |2 czenas 
650 0 7 |a ekosystémy  |7 ph114432  |2 czenas 
650 0 7 |a pozorování přírody  |7 ph124478  |2 czenas 
655 7 |a populárně-naučné publikace  |7 fd131864  |2 czenas 
700 1 |a Leskovská, Valéria  |4 trl 
700 1 |a Ličková, Marta,  |d 1926-2020  |7 mzk2004241670  |4 trl 
830 0 |a Ochrana prírody 
910 |a BOA001  |b 1-1381.293 
990 |a BK 
991 |b 201702 
996 6 |b 2610695068  |c 1-1381.293  |l MZK  |r Sklad / do 1 hodiny  |n 0  |p dar  |w 001596379  |u 000010  |a 1  |e BOA001  |j MZK50  |s P